[Event "Hradec Kralove Region-chT 2223"]
[Site "Czech Republic"]
[Date "2022.12.11"]
[Round "5.7"]
[White "Vlcek, Vojtech"]
[Black "Doubek, Petr"]
[Result "1/2-1/2"]
[WhiteElo "1658"]
[BlackElo "1758"]
[PlyCount "66"]
[EventDate "2022.10.09"]
[EventType "team-tourn"]
[EventRounds "11"]
[EventCountry "CZE"]
[SourceTitle "EXT 2024"]
[Source "ChessBase"]
[SourceDate "2023.10.10"]
[SourceVersion "1"]
[SourceVersionDate "2023.10.10"]
[SourceQuality "1"]

1. d4 Nf6 2. c4 e6 3. Nf3 b6 4. e3 Bb4+ 5. Nbd2 0-0 6. a3 Be7 7. Be2 Bb7 8. 0-0 d5 9. Qc2 c5 10. b3 Nbd7 11. Bb2 Rc8 12. Qd1 Ne8 13. Rc1 Nd6 14. Bd3 Qe8 15. Qe2 f5 16. Rfd1 Ne4 17. Ne5 f4 18. Nxd7 Qxd7 19. cxd5 exd5 20. dxc5 Nxc5 21. Bb5 Bc6 22. Bxc6 Rxc6 23. exf4 Rxf4 24. b4 Re6 25. Qf1 Ne4 26. Nxe4 Rfxe4 27. g3 Re2 28. Bd4 Bg5 29. Rb1 Bd2 30. Be3 R6xe3 31. Rxd2 Rxd2 32. fxe3 Qe7 33. Qf4 Rd3 1/2-1/2